000 00579cam a22002291 4500
001 sa 68011396
003 DLC
005 20260227112559.0
008 890710s1968 ii 000 0 hino
010 _asa 68011396
035 _a(OCoLC)19987535
040 _aDLC
_cWaU
_dDLC
042 _apremarc
043 _aa-ii---
050 0 0 _aPK2040.6
_b.P3
100 1 _aParmar, Shyam,
_d1925-
245 1 0 _aAkavitā aura kalā-sandarbha.
260 _c[1968]
300 _a156 p.
_c23 cm.
500 _aIn Hindi.
650 0 _aHindi poetry
_y20th century
_xHistory and criticism.
999 _c83861
_d83861